| 000 | 00435nam a22001697a 4500 | ||
|---|---|---|---|
| 003 | OSt | ||
| 005 | 20160128122042.0 | ||
| 008 | 160128b xxu||||| |||| 00| 0 eng d | ||
| 020 | _a6722325 | ||
| 040 | _aSEKU | ||
| 050 |
_aPR2245 _b.A5 1967 |
||
| 100 | _aDonne, John | ||
| 245 |
_aPoetry and prose _cJohn, Donne. |
||
| 260 |
_aNew York.; _bModern Library _cc1967 |
||
| 500 | _aincludes table of contents and index | ||
| 942 |
_2lcc _cGEN |
||
| 999 |
_c10132 _d10132 |
||